Croatia UEFA Euro 2024 Squad - Statistics

General Stats
  • This quiz has been taken 1,577 times
    1,519 since last reset
  • The average score is 15 of 27
Answer Stats
# Position Player % Correct
10 MF © Luka Modrić
99%
1 GK Dominik Livaković
90%
4 DF Joško Gvardiol
90%
8 MF Mateo Kovačić
84%
14 FW Ivan Perišić
80%
9 FW Andrej Kramarić
77%
11 MF Marcelo Brozović
76%
21 DF Domagoj Vida
65%
19 DF Borna Sosa
60%
17 FW Bruno Petković
58%
7 MF Lovro Majer
58%
2 DF Josip Stanišić
56%
24 FW Marco Pašalić
54%
15 MF Mario Pašalić
54%
6 DF Josip Šutalo
52%
Manager Zlatko Dalić
52%
22 DF Josip Juranović
50%
16 FW Ante Budimir
49%
25 MF Luka Sučić
41%
13 MF Nikola Vlašić
40%
26 MF Martin Baturina
39%
3 DF Marin Pongračić
35%
23 GK Ivica Ivušić
34%
5 DF Martin Erlić
33%
20 FW Marko Pjaca
30%
12 GK Nediljko Labrović
26%
18 MF Luka Ivanušec
24%
No matching quizzes found
Score Distribution
Percent of People with Each Score
Percentile by Number Answered
Your Score History
You have not taken this quiz since the last reset